| 000 | 00363nam a22001457a 4500 | ||
|---|---|---|---|
| 005 | 20250919124723.0 | ||
| 008 | 250919b |||||||| |||| 00| 0 eng d | ||
| 020 | _a9782264041081 | ||
| 050 |
_aDC34 _b.5.A37K45 KEL |
||
| 100 | _aKELMAN GASTON | ||
| 245 | _aJE SUIS NOIR ET JE N'AIME PAS LE MANIOC | ||
| 260 |
_aPARIS _c2004 |
||
| 300 | _a204p | ||
| 942 |
_2lcc _cBK _n0 |
||
| 999 |
_c7608 _d7608 |
||